[Event "Lleida-ch"]
[Site "Almenar"]
[Date "2018.09.30"]
[Round "1"]
[White "Rodon Balcells, Jaume"]
[Black "Quintas Galeano, Lluis"]
[Result "1/2-1/2"]
[WhiteElo "1819"]
[BlackElo "2079"]
[PlyCount "157"]
[EventDate "2018.09.30"]
[EventType "swiss"]
[EventRounds "9"]
[EventCountry "ESP"]
[SourceTitle "CBM 187 Extra"]
[Source "ChessBase"]
[SourceDate "2018.11.04"]
[SourceVersion "1"]
[SourceVersionDate "2018.11.04"]
[SourceQuality "1"]

1. e4 c6 2. Nf3 d5 3. Nc3 Nf6 4. e5 Ne4 5. Ne2 Bf5 6. d4 e6 7. Ng3 Bg6 8. Nd2 Nxd2 9. Bxd2 c5 10. Bb5+ Nc6 11. c3 Qb6 12. Qa4 Be7 13. Bxc6+ bxc6 14. 0-0 0-0 15. b3 Rae8 16. dxc5 Bxc5 17. b4 Be7 18. Be3 c5 19. f4 Qc7 20. Rae1 Rd8 21. f5 exf5 22. Nxf5 cxb4 23. Nxe7+ Qxe7 24. cxb4 d4 25. Bd2 Rfe8 26. b5 Qd7 27. Rf4 Bd3 28. Ba5 Bxb5 29. Qb4 Rc8 30. Rxd4 Qc6 31. a4 Ba6 32. Qd2 h6 33. Kh1 Bb7 34. h3 Qc2 35. Rd7 Qc6 36. Rf1 Qc4 37. Rfxf7 Qxf7 38. Rxf7 Kxf7 39. Qd7+ Re7 40. e6+ Kf6 41. Bd8 Rxd8 42. Qxd8 Kxe6 43. a5 a6 44. Kh2 Kf7 45. Qb6 g6 46. g4 Kg7 47. Kg3 Rf7 48. Kh4 Kh7 49. Qd6 Kg7 50. g5 hxg5+ 51. Kxg5 Rf5+ 52. Kg4 Bf3+ 53. Kg3 Bb7 54. h4 Rb5 55. Qe7+ Kh6 56. Qe3+ Kh7 57. Kg4 Rb1 58. Qe7+ Kh6 59. Qe3+ Kh7 60. h5 gxh5+ 61. Kxh5 Rb5+ 62. Kg4 Kg6 63. Qe6+ Kg7 64. Kf4 Rb4+ 65. Ke3 Rb5 66. Kd4 Kf8 67. Qd6+ Ke8 68. Kc4 Bd5+ 69. Kd4 Bb7 70. Qc7 Rd5+ 71. Kc4 Rb5 72. Qd6 Bd5+ 73. Kd4 Bb7 74. Qe6+ Kd8 75. Qg8+ Kc7 76. Qf7+ Kc8 77. Qe8+ Kc7 78. Qf7+ Kc8 79. Qc4+ 1/2-1/2

[Event "Catalunya-chT GpB final"]
[Site "Barcelona"]
[Date "2018.03.17"]
[Round "2.5"]
[White "Juan Bartroli, Pau"]
[Black "Quintas Galeano, Lluis"]
[Result "1/2-1/2"]
[WhiteElo "2232"]
[BlackElo "2107"]
[PlyCount "41"]
[EventDate "2018.03.10"]
[EventType "team-tourn"]
[EventRounds "4"]
[EventCountry "ESP"]
[SourceTitle "CBM 183 Extra"]
[Source "ChessBase"]
[SourceDate "2018.04.19"]
[SourceVersion "1"]
[SourceVersionDate "2018.04.19"]
[SourceQuality "1"]
[WhiteTeam "Catalunya"]
[BlackTeam "Lleida"]
[WhiteTeamCountry "ESP"]
[BlackTeamCountry "ESP"]

1. b3 Nf6 2. Bb2 g6 3. e4 d6 4. g3 Bg7 5. Bg2 e5 6. Ne2 0-0 7. 0-0 c5 8. d3 Nc6 9. Nd2 Be6 10. h3 d5 11. Kh2 dxe4 12. Nxe4 Nxe4 13. dxe4 Qxd1 14. Raxd1 Nd4 15. Nxd4 cxd4 16. c3 dxc3 17. Bxc3 Rac8 18. Rd3 Rfd8 19. Rfd1 Rxd3 20. Rxd3 h5 21. h4 1/2-1/2

[Event "Catalunya-chT Gp1"]
[Site "Barcelona"]
[Date "2018.03.03"]
[Round "7.6"]
[White "Garrido Fernandez, Daniel"]
[Black "Quintas Galeano, Lluis"]
[Result "1/2-1/2"]
[WhiteElo "2182"]
[BlackElo "2107"]
[PlyCount "98"]
[EventDate "2018.01.20"]
[EventType "team-tourn"]
[EventRounds "7"]
[EventCountry "ESP"]
[SourceTitle "EXT 2019"]
[Source "ChessBase"]
[SourceDate "2018.10.10"]
[SourceVersion "1"]
[SourceVersionDate "2018.10.10"]
[SourceQuality "1"]
[WhiteTeam "Foment Martinenc"]
[BlackTeam "Lleida"]
[WhiteTeamCountry "ESP"]
[BlackTeamCountry "ESP"]

1. e4 g6 2. d4 Bg7 3. Nf3 d6 4. Bd3 Nc6 5. c3 Nf6 6. 0-0 e5 7. dxe5 dxe5 8. b4 a6 9. Qe2 0-0 10. Rd1 Qe7 11. a4 Rd8 12. Ba3 Qe8 13. b5 axb5 14. axb5 Na5 15. Bb4 b6 16. Bxa5 bxa5 17. Nbd2 Nh5 18. Bc4 Nf4 19. Qf1 Be6 20. Nb3 Rxd1 21. Rxd1 Qe7 22. Bxe6 Nxe6 23. Qc4 a4 24. Ra1 a3 25. g3 Qd6 26. Ne1 Bf8 27. Nd3 Ng5 28. h4 Ne6 29. Qd5 Qxd5 30. exd5 e4 31. Nb4 Bxb4 32. cxb4 Nf8 33. Nc5 Rb8 34. Nxe4 Rxb5 35. Nf6+ Kg7 36. Ne8+ Kg8 37. Nxc7 Rxb4 38. Rxa3 Nd7 39. Ra7 Nf6 40. d6 Rd4 41. Ra8+ Kg7 42. Rd8 h5 43. Kg2 Rd2 44. Kf3 Ng4 45. Ne8+ Kh6 46. Kg2 Rxf2+ 47. Kg1 Rd2 48. d7 Rd1+ 49. Kg2 Rd2+ 1/2-1/2

[Event "Catalunya-chT Gp1"]
[Site "Barcelona"]
[Date "2018.02.17"]
[Round "5.6"]
[White "Martinez Lopez, Carlos"]
[Black "Quintas Galeano, Lluis"]
[Result "1-0"]
[WhiteElo "2148"]
[BlackElo "2107"]
[PlyCount "151"]
[EventDate "2018.01.20"]
[EventType "team-tourn"]
[EventRounds "7"]
[EventCountry "ESP"]
[SourceTitle "EXT 2019"]
[Source "ChessBase"]
[SourceDate "2018.10.10"]
[SourceVersion "1"]
[SourceVersionDate "2018.10.10"]
[SourceQuality "1"]
[WhiteTeam "Peona I Peo"]
[BlackTeam "Lleida"]
[WhiteTeamCountry "ESP"]
[BlackTeamCountry "ESP"]

1. e4 c6 2. d4 d5 3. Nc3 g6 4. Bf4 Bg7 5. exd5 cxd5 6. Bb5+ Nc6 7. Qd2 Nf6 8. Nf3 0-0 9. Bxc6 bxc6 10. Ne5 Bd7 11. 0-0 Ng4 12. Nxg4 Bxg4 13. Bh6 Bxh6 14. Qxh6 Qb6 15. Qd2 Qxb2 16. Rab1 Qa3 17. h3 Bc8 18. Rfe1 Ba6 19. h4 Rab8 20. h5 Rxb1 21. Rxb1 Qd6 22. Na4 Bc4 23. Nc5 Bxa2 24. Ra1 Rb8 25. Qc1 Bc4 26. Rxa7 gxh5 27. Qg5+ Kh8 28. g3 Re8 29. Qxh5 Qg6 30. Qe5+ f6 31. Qe6 Qxc2 32. Rxe7 Qd1+ 33. Kh2 Qh5+ 34. Kg2 Rxe7 35. Qxe7 Qg6 36. Qf8+ Qg8 37. Qxf6+ Qg7 38. Qf4 Qe7 39. Qf5 h6 40. Qc8+ Kh7 41. Qxc6 Qe1 42. Qd7+ Kh8 43. Qc8+ Kh7 44. Qf5+ Kh8 45. Ne6 Qe4+ 46. Qxe4 dxe4 47. Nc5 Bd5 48. Kf1 Kg7 49. Ke2 Kf6 50. Ke3 Kf5 51. Nd7 h5 52. Nb6 Bb7 53. Nc4 Ke6 54. Ne5 Kf5 55. Kd2 Bd5 56. Kc3 Be6 57. Kd2 Bd5 58. Ke2 Be6 59. Nc6 Kg4 60. Ne7 Kg5 61. d5 Bg4+ 62. Ke3 Kf6 63. Nc6 Bf3 64. Kd4 Kf5 65. d6 Ke6 66. Kc5 Bd1 67. Ne5 Ba4 68. Nc4 Be8 69. Nb6 Bg6 70. d7 Ke7 71. Kc6 Kd8 72. Nc4 Bf5 73. Ne5 Be6 74. Kd6 Bxd7 75. Nxd7 h4 76. gxh4 1-0

[Event "Catalunya-chT Gp1"]
[Site "Barcelona"]
[Date "2018.01.20"]
[Round "1.5"]
[White "Ibanez Tarradellas, Eduardo"]
[Black "Quintas Galeano, Lluis"]
[Result "1-0"]
[WhiteElo "2203"]
[BlackElo "2107"]
[PlyCount "65"]
[EventDate "2018.01.20"]
[EventType "team-tourn"]
[EventRounds "7"]
[EventCountry "ESP"]
[SourceTitle "CBM 182 Extra"]
[Source "ChessBase"]
[SourceDate "2018.02.23"]
[SourceVersion "1"]
[SourceVersionDate "2018.02.23"]
[SourceQuality "1"]
[WhiteTeam "Figueres"]
[BlackTeam "Lleida"]
[WhiteTeamCountry "ESP"]
[BlackTeamCountry "ESP"]

1. d4 g6 2. Bg5 Bg7 3. c3 Nf6 4. Nd2 h6 5. Bh4 d6 6. Ngf3 c6 7. e4 g5 8. Bg3 Nh5 9. Bc4 Nxg3 10. hxg3 d5 11. Bb3 Be6 12. 0-0 Nd7 13. Re1 0-0 14. Nh2 Qc8 15. f4 Nb6 16. fxg5 hxg5 17. Qh5 g4 18. Bc2 Rd8 19. e5 c5 20. Nb3 cxd4 21. Bh7+ Kf8 22. cxd4 Na4 23. Re2 Qd7 24. Rf1 f6 25. Rf4 Qe8 26. Qh4 Qf7 27. Ref2 Ke8 28. Nxg4 Kd7 29. exf6 Bxf6 30. Ne5+ Kc7 31. Rxf6 Qxf6 32. Rxf6 exf6 33. Qxf6 1-0

[Event "Catalunya-chT GpB final"]
[Site "Barcelona"]
[Date "2017.04.01"]
[Round "4.8"]
[White "Quintas Galeano, Lluis"]
[Black "Lillo Ferrer, Josep Maria"]
[Result "1/2-1/2"]
[WhiteElo "2108"]
[BlackElo "2103"]
[PlyCount "116"]
[EventDate "2017.03.11"]
[EventType "team-tourn"]
[EventRounds "11"]
[EventCountry "ESP"]
[SourceTitle "EXT 2018"]
[Source "ChessBase"]
[SourceDate "2017.10.13"]
[SourceVersion "1"]
[SourceVersionDate "2017.10.13"]
[SourceQuality "1"]
[WhiteTeam "Lleida"]
[BlackTeam "Banyoles"]
[WhiteTeamCountry "ESP"]
[BlackTeamCountry "ESP"]

1. e4 c5 2. Nf3 e6 3. d3 Nc6 4. g3 d5 5. Nbd2 Nf6 6. Bg2 Be7 7. 0-0 0-0 8. e5 Nd7 9. Re1 b5 10. Nf1 b4 11. h4 a5 12. Bf4 a4 13. a3 bxa3 14. bxa3 Nd4 15. Nxd4 cxd4 16. Qh5 Qe8 17. Qe2 Ba6 18. Nh2 Qc8 19. Nf3 Qc3 20. Ra2 Rfe8 21. Bd2 Qc5 22. Bb4 Qa7 23. Bxe7 Rxe7 24. Qd2 Nb8 25. Qf4 Nc6 26. Rb2 Qc5 27. Reb1 Rc7 28. h5 h6 29. g4 Qxa3 30. Nxd4 Nxd4 31. Qxd4 Bc8 32. c4 Qc5 33. Qxc5 Rxc5 34. Rb8 Rxb8 35. Rxb8 Kh7 36. Ra8 Bd7 37. Ra7 Be8 38. cxd5 exd5 39. Kh2 Kg8 40. Ra8 Kf8 41. d4 Rc2 42. Bxd5 Rxf2+ 43. Kg3 Rc2 44. Kf4 Ke7 45. Ra7+ Kd8 46. Be4 Rc7 47. Ra5 Rc1 48. d5 Rf1+ 49. Ke3 Bd7 50. d6 Bxg4 51. Bc6 Rc1 52. Ra8+ Bc8 53. Bxa4 Re1+ 54. Kf2 Rxe5 55. d7 Rc5 56. Ke3 Rc7 57. dxc8Q+ Rxc8 58. Rxc8+ Kxc8 1/2-1/2

[Event "Catalunya-chT Gp1"]
[Site "Barcelona"]
[Date "2017.02.11"]
[Round "4.9"]
[White "Quintas Galeano, Lluis"]
[Black "Amores Gago, Javier"]
[Result "0-1"]
[WhiteElo "2108"]
[BlackElo "2143"]
[PlyCount "94"]
[EventDate "2017.01.21"]
[EventType "team-tourn"]
[EventRounds "7"]
[EventCountry "ESP"]
[SourceTitle "CBM 176 Extra"]
[Source "ChessBase"]
[SourceDate "2017.03.02"]
[SourceVersion "1"]
[SourceVersionDate "2017.03.02"]
[SourceQuality "1"]
[WhiteTeam "Lleida"]
[BlackTeam "Mollet"]
[WhiteTeamCountry "ESP"]
[BlackTeamCountry "ESP"]

1. e4 d5 2. exd5 Qxd5 3. Nf3 Bg4 4. Be2 Nc6 5. d4 e5 6. Nc3 Bb4 7. 0-0 Bxc3 8. bxc3 0-0-0 9. Nxe5 Bxe2 10. Qxe2 Nxe5 11. Qxe5 Qxe5 12. dxe5 Rd5 13. f4 Ne7 14. Be3 Nf5 15. Bf2 Rd2 16. Rac1 Rhd8 17. g4 Nh6 18. h3 Ng8 19. c4 h5 20. Be3 Re2 21. Rfe1 Rxe1+ 22. Rxe1 hxg4 23. hxg4 Nh6 24. g5 Nf5 25. Kf2 Rh8 26. Kg2 Kd7 27. Rd1+ Ke6 28. Bf2 g6 29. a4 Ne7 30. a5 Nc6 31. Rd5 a6 32. Be1 Rd8 33. Rd3 Rd4 34. Rb3 Re4 35. Bc3 Rxc4 36. Kf3 Ne7 37. Bd2 Rxc2 38. Be3 Nd5 39. Bf2 Rc3+ 40. Rxc3 Nxc3 41. Be1 Nd5 42. Ke4 Ne7 43. Bd2 Kd7 44. Kd4 Kc6 45. Kc4 b5+ 46. Kb4 Nd5+ 47. Kb3 Kc5 0-1

[Event "Lleida-ch"]
[Site "Bellcaire"]
[Date "2016.11.06"]
[Round "6"]
[White "Quintas Galeano, Lluis"]
[Black "Llavall Sans, Daniel"]
[Result "1/2-1/2"]
[WhiteElo "2107"]
[BlackElo "2116"]
[PlyCount "52"]
[EventDate "2016.10.02"]
[EventType "swiss"]
[EventRounds "9"]
[EventCountry "ESP"]
[SourceTitle "EXT 2018"]
[Source "ChessBase"]
[SourceDate "2017.10.13"]
[SourceVersion "1"]
[SourceVersionDate "2017.10.13"]
[SourceQuality "1"]

1. e4 c5 2. c3 d5 3. exd5 Qxd5 4. d4 e6 5. Nf3 Nf6 6. Nbd2 Nc6 7. Bc4 Qd8 8. Nb3 cxd4 9. Nbxd4 Bd7 10. Bf4 a6 11. Qe2 Nxd4 12. Nxd4 Be7 13. Rd1 Qb6 14. 0-0 0-0 15. Be5 Rfd8 16. Rfe1 Rac8 17. Bd3 Be8 18. Bb1 Nd7 19. Bxh7+ Kxh7 20. Qh5+ Kg8 21. Bxg7 Kxg7 22. Rd3 Nf8 23. Rh3 Ng6 24. Qh6+ Kg8 25. Qh7+ Kf8 26. Qh6+ Kg8 1/2-1/2

[Event "Lleida-ch"]
[Site "Bellcaire"]
[Date "2016.10.16"]
[Round "3"]
[White "Farre Regada, Julian"]
[Black "Quintas Galeano, Lluis"]
[Result "0-1"]
[WhiteElo "1845"]
[BlackElo "2107"]
[PlyCount "50"]
[EventDate "2016.10.02"]
[EventType "swiss"]
[EventRounds "9"]
[EventCountry "ESP"]
[SourceTitle "EXT 2018"]
[Source "ChessBase"]
[SourceDate "2017.10.13"]
[SourceVersion "1"]
[SourceVersionDate "2017.10.13"]
[SourceQuality "1"]

1. d4 g6 2. c4 Bg7 3. Nc3 c5 4. d5 Bxc3+ 5. bxc3 f5 6. Nh3 Qa5 7. Qc2 Nf6 8. f3 d6 9. Bh6 Nbd7 10. e3 Ne5 11. Be2 Bd7 12. a4 Nf7 13. Bg7 Rg8 14. Bxf6 exf6 15. 0-0 0-0-0 16. Nf2 Rde8 17. e4 f4 18. Nd3 g5 19. h3 h5 20. Kf2 f5 21. exf5 Bxf5 22. g4 fxg3+ 23. Kxg3 Ne5 24. Qd2 Nxc4 25. Qc1 Rxe2 0-1

[Event "Lleida-ch"]
[Site "Bellcaire"]
[Date "2016.10.09"]
[Round "2"]
[White "Quintas Galeano, Lluis"]
[Black "Pera Lucas, Eugeni"]
[Result "1-0"]
[WhiteElo "2107"]
[BlackElo "1931"]
[PlyCount "119"]
[EventDate "2016.10.02"]
[EventType "swiss"]
[EventRounds "9"]
[EventCountry "ESP"]
[SourceTitle "EXT 2018"]
[Source "ChessBase"]
[SourceDate "2017.10.13"]
[SourceVersion "1"]
[SourceVersionDate "2017.10.13"]
[SourceQuality "1"]

1. e4 e5 2. Nf3 Nc6 3. Bb5 a6 4. Ba4 Nf6 5. 0-0 b5 6. Bb3 Bb7 7. d3 Bc5 8. c3 Ba7 9. Qe2 Qe7 10. Be3 0-0 11. Nbd2 d6 12. Bxa7 Rxa7 13. Nh4 Bc8 14. Nf5 Bxf5 15. exf5 Na5 16. Bc2 c5 17. Rae1 Re8 18. Qf3 Qb7 19. Ne4 Nxe4 20. Rxe4 f6 21. Qh3 d5 22. Rh4 h6 23. Re1 Kf7 24. Bd1 Rg8 25. f4 e4 26. dxe4 dxe4 27. Qe3 Qe7 28. Bh5+ Kf8 29. Qxe4 Qxe4 30. Rxe4 Re7 31. Rxe7 Kxe7 32. Rh3 Nc4 33. b3 Nd6 34. Re3+ Kd8 35. g4 Rf8 36. Kf2 Kd7 37. h4 a5 38. Bg6 c4 39. bxc4 bxc4 40. Re2 Kc6 41. Re7 Rb8 42. g5 fxg5 43. fxg5 hxg5 44. hxg5 Rf8 45. Re5 a4 46. Ke3 Nb5 47. Be8+ Rxe8 48. Rxe8 Nxc3 49. Kd4 Nb5+ 50. Ke3 Nd6 51. Rf8 Kc5 52. f6 gxf6 53. Rxf6 Ne8 54. Rf8 Ng7 55. g6 Kb4 56. Rf7 Nh5 57. Kd4 c3 58. Rb7+ Ka3 59. Kxc3 Kxa2 60. Kb4 1-0

[Event "Balaguer rapid op 24th"]
[Site "Balaguer"]
[Date "2016.09.18"]
[Round "3"]
[White "Vidarte Morales, Arturo"]
[Black "Quintas Galeano, Lluis"]
[Result "1-0"]
[WhiteElo "2340"]
[BlackElo "2107"]
[PlyCount "57"]
[EventDate "2016.09.18"]
[EventType "swiss (rapid)"]
[EventRounds "9"]
[EventCountry "ESP"]
[SourceTitle "CBM 174 Extra"]
[Source "ChessBase"]
[SourceDate "2016.10.10"]
[SourceVersion "1"]
[SourceVersionDate "2016.10.10"]
[SourceQuality "1"]

1. c4 e5 2. g3 d6 3. Bg2 Nf6 4. Nc3 c6 5. d3 Be7 6. Nf3 0-0 7. 0-0 Nbd7 8. b3 Re8 9. e4 Nf8 10. d4 Qc7 11. Bb2 Bg4 12. d5 c5 13. Qd3 Qc8 14. Nd2 Bh3 15. f3 Bxg2 16. Kxg2 g6 17. Rae1 Nh5 18. Nd1 f5 19. exf5 gxf5 20. f4 e4 21. Qe2 Nf6 22. Ne3 Ng6 23. Kh1 Rf8 24. Qg2 h5 25. Qh3 Kf7 26. Qxf5 Qxf5 27. Nxf5 Rae8 28. Nxe4 Nxe4 29. Nh6# 1-0

[Event "Catalunya-chT Gp2"]
[Site "Barcelona"]
[Date "2016.01.30"]
[Round "2.3"]
[White "Romero Perera, Eugeni"]
[Black "Quintas Galeano, Lluis"]
[Result "0-1"]
[WhiteElo "2001"]
[BlackElo "2138"]
[PlyCount "100"]
[EventDate "2016.01.23"]
[EventType "team-tourn"]
[EventRounds "7"]
[EventCountry "ESP"]
[SourceTitle "CBM 170 Extra"]
[Source "ChessBase"]
[SourceDate "2016.02.25"]
[SourceVersion "1"]
[SourceVersionDate "2016.02.25"]
[SourceQuality "1"]
[WhiteTeam "Mollet"]
[BlackTeam "Lleida"]
[WhiteTeamCountry "ESP"]
[BlackTeamCountry "ESP"]

1. d4 g6 2. c4 Bg7 3. Nc3 c5 4. Nf3 cxd4 5. Nxd4 Nc6 6. Nf3 d6 7. h3 Nf6 8. e3 0-0 9. Bd2 Nd7 10. Be2 Nc5 11. 0-0 Bf5 12. Ne1 Qb6 13. b3 Ne4 14. Nd5 Qd8 15. Rc1 Bb2 16. Rc2 Bg7 17. Rc1 a5 18. Nd3 Nxd2 19. Qxd2 e6 20. Nc3 Qh4 21. Kh2 g5 22. f3 Rad8 23. Qe1 Qh6 24. g4 Bxd3 25. Bxd3 Ne5 26. Be4 Rd7 27. Kg2 f5 28. gxf5 exf5 29. Bd5+ Kh8 30. Qd1 Ng6 31. Ne2 Be5 32. Ra1 Rg7 33. Nd4 Bxd4 34. Qxd4 Ne5 35. Rfd1 f4 36. e4 Qh4 37. Qf2 Rf6 38. Rg1 Nd3 39. Qxh4 gxh4+ 40. Kf1 Rg3 41. Ke2 Ne5 42. Bxb7 Rxf3 43. Rg5 Rg3 44. Rg1 f3+ 45. Kf1 Rg6 46. Rxg6 hxg6 47. Bc8 Kg7 48. a3 Kf6 49. Kf2 Nd3+ 50. Kf1 Ke5 0-1

[Event "Vallfogona Hostal Nou op"]
[Site "Vallfogona de Balaguer"]
[Date "2014.06.14"]
[Round "8"]
[White "Quintas Galeano, Lluis"]
[Black "Parramon Guillaumet, Jaime"]
[Result "0-1"]
[WhiteElo "2222"]
[BlackElo "2059"]
[PlyCount "92"]
[EventDate "2014.04.26"]
[EventType "swiss"]
[EventRounds "8"]
[EventCountry "ESP"]
[SourceTitle "EXT 2015"]
[Source "ChessBase"]
[SourceDate "2014.11.20"]
[SourceVersion "1"]
[SourceVersionDate "2014.11.20"]
[SourceQuality "1"]

1. e4 e5 2. Nf3 f5 3. Nxe5 Qf6 4. d4 d6 5. Nc4 fxe4 6. Ne3 c6 7. c4 Qg6 8. Nc3 Nf6 9. Be2 Be7 10. h4 h5 11. Qc2 Na6 12. a3 0-0 13. Bd2 Bd7 14. 0-0-0 Nc7 15. f3 d5 16. g4 hxg4 17. fxg4 b5 18. h5 Qe8 19. c5 Bxc5 20. dxc5 d4 21. g5 dxe3 22. Bxe3 Nfd5 23. Qd2 Qe5 24. h6 Nxe3 25. Qxe3 Bf5 26. hxg7 Kxg7 27. Rd6 Nd5 28. Nxd5 cxd5 29. Rd1 Be6 30. Qd4 Qxd4 31. Rxd4 Bg8 32. Bxb5 Rf2 33. c6 a6 34. Rd7+ Kg6 35. c7 axb5 36. Rd8 Rf8 37. Rd6+ Kxg5 38. Rb4 Rac8 39. Rd7 Be6 40. Re7 Kf6 41. Rh7 Rf7 42. Rxf7+ Bxf7 43. Rxb5 Rxc7+ 44. Kd1 Ke5 45. a4 Kd4 46. Rb4+ Rc4 0-1